000 00515nam a2200157 i 4500
001 38303
003 ES-MaACL
005 20230906155732.0
007 t|
008 030225s1927 es ||||1| spa d
100 1 _aCalderón, José Tomás.
_933601
245 1 0 _aProntuario geográfico, comercial, estadístico y servicios administrativos de El Salvador /
_cJosé Tomás Calderón.
260 _aSan Salvador :
_b[s.n.,
_c1927] (
_fImp. La Salvadoreña)
300 _a329 p. ;
_c18 cm.
852 _aES-MaACL
_jB-12600
999 _c38303
_d38303